02112nab a2200277uuc4500001000800000005001700008008004100025035001200066040001300078041000800091100004500099245016600144336009100310520099700401650003901398650003901437650002801476650003001504650002201534700003401556700004401590700004801634773012301682942001001805999001901815156661520240202135312.0220127m01uu2020 spa  a1566615 ccomduadb aspa10aJiménez Prado, Pedro4auteaut975055810aEfectos de la especie invasora Poecilia gillii (Cyprinodontiformes: Poeciliidae) sobre Pseudopoecilia fria en ríos costeros de la región del Chocó, Ecuador atextobtxt0(uri)http://www.rdaregistry.info/termList/RDAContentType/#10202rdacontent3 aRESUMEN: Una de las causas que aportan a la disminución de la biodiversidad es la introducción de especies exóticas que muchas veces terminan siendo invasoras, y por lo tanto terminan compitiendo con especies locales. Esta competencia no siempre es equitativa ya que las especies invasoras comúnmente cuentan con ventajas adaptativas que le otorgan beneficios ante las especies locales. Este estudio realizado en microcuencas del noroccidente del Ecuador identifica los efectos de la reciente presencia de Poecilia gillii sobre la especie nativa Pseudopoecilia fria; mediante un análisis poblacional (distribución longitudinal, parámetros de crecimiento y morfometría). Los resultados muestran un desplazamiento de P. fria hacia la parte alta del río, un aceleramiento en su crecimiento y por lo tanto una madurez anticipada con la consecuente disminución del tamaño corporal y finalmente un cambio en el alto del cuerpo con deslizamiento posterior de la aleta pectoral. 7aEspecies introducidas2dcs9140420 7aEspecies introducidas2dcs9140420 aPeces - Ecuador9152199 aPeces endémicos9228331 aPoecilidos95961110aVásquez, Fernando4auteaut10aTaphorn B., Donald C.4auteaut954754710aRodriguez Olarte, Douglas4auteaut94135410 tRevista de Biología Tropical (San José)gVolumen 68, Número 01, Enero de 2020, 122-138w104773x0034-7744091049 cARIMP c845894d845894